000 00280nam a2200133Ia 4500
100 _aLevin/R.I
942 _cBK
654 _aManagement
245 _aQuantitative Approaches to management
260 _bMcGraw Hill
_c1971
082 _a658
300 _a461
546 _aENGLISH
999 _c22743
_d22743